ARRUPE JESUIT UNIVERSITY

CORONAVIRUS -STOP THE SPREAD - CLEAN,DISINFECT,COVER

The new rhetoric (Record no. 62520)

MARC details
000 -LEADER
fixed length control field 00693nam a2200253Ia 4500
003 - CONTROL NUMBER IDENTIFIER
control field 0100
005 - DATE AND TIME OF LATEST TRANSACTION
control field 20150907150749.0
008 - FIXED-LENGTH DATA ELEMENTS--GENERAL INFORMATION
fixed length control field 130303s9999 xx 000 0 und d
040 ## - CATALOGING SOURCE
Transcribing agency ARRUPELIB
050 ## - LIBRARY OF CONGRESS CALL NUMBER
Classification number BC177.P4313 1971
300 ## - PHYSICAL DESCRIPTION
Other physical details 566p. 24cm.
100 ## - MAIN ENTRY--PERSONAL NAME
Personal name Perelman, Chaim
9 (RLIN) 19088
245 #4 - TITLE STATEMENT
Title The new rhetoric
245 ## - TITLE STATEMENT
Remainder of title a treatise on argumentation
260 ## - PUBLICATION, DISTRIBUTION, ETC. (IMPRINT)
Place of publication, distribution, etc London
260 ## - PUBLICATION, DISTRIBUTION, ETC. (IMPRINT)
Name of publisher, distributor, etc University of Notre Dame Press
Date of publication, distribution, etc 1971
300 ## - PHYSICAL DESCRIPTION
Extent x
650 ## - SUBJECT ADDED ENTRY--TOPICAL TERM
Topical term or geographic name as entry element Oratory
9 (RLIN) 19089
650 ## - SUBJECT ADDED ENTRY--TOPICAL TERM
Topical term or geographic name as entry element Rhetoric
9 (RLIN) 15927
650 ## - SUBJECT ADDED ENTRY--TOPICAL TERM
Topical term or geographic name as entry element Reasoning
9 (RLIN) 12415
700 ## - ADDED ENTRY--PERSONAL NAME
Personal name Wilkinson, John ; Weaver, Purcell trs.
9 (RLIN) 19090
700 ## - ADDED ENTRY--PERSONAL NAME
Personal name Olbrechts-Tyteca, Lucie
9 (RLIN) 19406
942 ## - ADDED ENTRY ELEMENTS (KOHA)
Source of classification or shelving scheme Library of Congress Classification
Koha item type Monograph ( Printed materials)
Holdings
Withdrawn status Lost status Source of classification or shelving scheme Damaged status Not for loan Collection code Home library Current library Shelving location Date acquired Total Checkouts Full call number Barcode Date last seen Date checked out Copy number Price effective from Koha item type
    Library of Congress Classification     Main Collection ARRUPE LIBRARY ARRUPE LIBRARY   05/03/2013 1 BC177.P4313 1971 46003095818 31/08/2016 11/12/2015 1 05/03/2013 Monograph ( Printed materials)
    Library of Congress Classification     Main Collection ARRUPE LIBRARY ARRUPE LIBRARY Main Collection 27/08/2015   BC177.P4313 1971 46500004089 31/08/2016     27/08/2015 Monograph ( Printed materials)

 

Arrupe Library. PO Box MP320 Mt Pleasant, Harare, Zimbabwe
263 242 745411|librarian@aju.ac.zw